000 01622nam a2200217Ia 4500
999 _c44985
_d44985
001 11806
003 GE_BSU
005 20240627170634.0
008 181216s2013||||ge |||||||||||||| ||geo||
040 _cGE_BSU
041 _ageo
080 _a343.137.5(075) ჰ–26
100 _aჰამილტონი, ქეროლინ
_922621
245 _aარასრულწლოვანთა მართლმსაჯულების საკანონმდებლო რეფორმის სახელმძღვანელო მითითებები :
_bსახელმძღვანელო დოკუმენტი, 2011 წლის მაისი /
_cქეროლინ ჰამილტონი ; ბავშვთა დაცვის განყოფილება, Unicef unite for children, the children's legal center, Koninkrijk der Nederlanden.
264 _aთბილისი :
_bგაეროს სახლი,
_c2013.
300 _a139 გვ. ;
_c29 სმ.
500 _aპუბლიკაცია იბეჭდება ნიდერლანდების საგარეო საქმეთა სამინისტროს ფინანსური მხარდაჭერით
504 _aბიბლიოგრაფია : გვ. 136-139
653 _aარასრულწლოვანთა მართლმსაჯულების საკანონმდებლო რეფორმის სახელმძღვანელო მითითებები
942 _cBK
_2udc